Competitive Advantage in Construction / (Record no. 12137)
[ view plain ]
| 000 -LEADER | |
|---|---|
| fixed length control field | 01166pam a2200289 a 4500 |
| 001 - CONTROL NUMBER | |
| control field | 598562 |
| 005 - DATE AND TIME OF LATEST TRANSACTION | |
| control field | 19920319145813.4 |
| 008 - FIXED-LENGTH DATA ELEMENTS--GENERAL INFORMATION | |
| fixed length control field | 910703s1991 enka b 001 0 eng |
| 010 ## - LIBRARY OF CONGRESS CONTROL NUMBER | |
| LC control number | 91027538 |
| 020 ## - INTERNATIONAL STANDARD BOOK NUMBER | |
| International Standard Book Number | 0750610751 |
| Terms of availability | 50.00 |
| 040 ## - CATALOGING SOURCE | |
| Original cataloging agency | DLC |
| Transcribing agency | DLC |
| Modifying agency | DLC |
| 050 00 - LIBRARY OF CONGRESS CALL NUMBER | |
| Classification number | TH438 |
| Item number | .C636 1991 |
| 082 00 - DEWEY DECIMAL CLASSIFICATION NUMBER | |
| Classification number | 624.068 |
| Edition number | 20 |
| Item number | COM |
| 245 00 - TITLE STATEMENT | |
| Title | Competitive Advantage in Construction / |
| Statement of responsibility, etc | edited by Steven Male and Robert Stocks ; with specialist contributors. |
| 260 ## - PUBLICATION, DISTRIBUTION, ETC. (IMPRINT) | |
| Place of publication, distribution, etc | Oxford ; |
| -- | Boston : |
| Name of publisher, distributor, etc | Butterworth Heinemann, |
| Date of publication, distribution, etc | c1991. |
| 300 ## - PHYSICAL DESCRIPTION | |
| Extent | xvi, 479 p. : |
| Other physical details | ill. ; |
| Dimensions | 25 cm. |
| 504 ## - BIBLIOGRAPHY, ETC. NOTE | |
| Bibliography, etc | Includes bibliographical references and index. |
| 650 #0 - SUBJECT ADDED ENTRY--TOPICAL TERM | |
| Topical term or geographic name as entry element | Construction industry |
| General subdivision | Management. |
| 9 (RLIN) | 7308 |
| 650 #0 - SUBJECT ADDED ENTRY--TOPICAL TERM | |
| Topical term or geographic name as entry element | Strategic planning. |
| 9 (RLIN) | 7309 |
| 650 #0 - SUBJECT ADDED ENTRY--TOPICAL TERM | |
| Topical term or geographic name as entry element | Organizational effectiveness. |
| 9 (RLIN) | 7310 |
| 650 #0 - SUBJECT ADDED ENTRY--TOPICAL TERM | |
| Topical term or geographic name as entry element | Competition. |
| 9 (RLIN) | 7311 |
| 700 1# - ADDED ENTRY--PERSONAL NAME | |
| Personal name | Male, Steven. |
| 9 (RLIN) | 7312 |
| 700 1# - ADDED ENTRY--PERSONAL NAME | |
| Personal name | Stocks, Robert. |
| 9 (RLIN) | 7313 |
| 942 ## - ADDED ENTRY ELEMENTS (KOHA) | |
| Source of classification or shelving scheme | Dewey Decimal Classification |
| Item type | Book - Borrowing |
| Withdrawn status | Item status | Source of classification or shelving scheme | Damaged status | Not for loan | Vendor | Home library | Current library | Shelving location | Date acquired | Source of acquisition | Cost, normal purchase price | Serial Enumeration / chronology | Total Checkouts | Total Renewals | Full call number | Barcode | Date last seen | Date last borrowed | Koha item type |
|---|---|---|---|---|---|---|---|---|---|---|---|---|---|---|---|---|---|---|---|
| Dewey Decimal Classification | Alahram | Central Library | Central Library | First floor | 30/06/2009 | 369.00 | 72 | 1 | 6 | 624.068 COM | 000016987 | 15/07/2025 | 22/11/2012 | Book - Borrowing |